000 00485nam a2200169 a 4500
005 20140412111236.0
008 001116s19uu xx 00 eng d
020 _a0-86020-189-9
050 _aM 306
_bTr865 1990
100 _aTrundle, Roma
245 _aPeople of the world :
_bthe Usborne book /
_cRoma Trundle ; illustrated by Bob Hersey, [et. al.].
260 _bUsborne Pub. Ltd,
_c1990.
300 _a32 p.
650 _aCivilization
650 _aEthnology
999 _c102436
_d102436